Billie Eilish - lovely (with Khalid) Lyrics - Statistics

General Stats
  • This quiz has been taken 149 times
    114 since last reset
  • The average score is 155 of 186
Answer Stats
Answer % Correct
a
100%
I
100%
all
95%
All
95%
home
95%
it
95%
lovely?
95%
welcome
95%
Heart
93%
Isn't
93%
mind
93%
my
93%
of
93%
to
93%
made
91%
me
91%
So
91%
alone
89%
bone
89%
glass
89%
out
89%
stone
89%
But
88%
but
88%
skin
88%
some
88%
you
88%
found
86%
(found)
86%
Hello
86%
hope
86%
way
86%
day
84%
Even
84%
go
84%
if
84%
I'll
84%
Oh
84%
on
84%
pieces
84%
someday
84%
Thought
84%
away
82%
away)
82%
can't
82%
here
82%
make
82%
night
82%
or
82%
place
82%
place)
82%
stay
82%
takes
82%
years
82%
find
81%
guess
81%
hundred
81%
never
81%
(never
81%
Tear
81%
Need
79%
hide
77%
near
77%
now
74%
one
74%
gotta
70%
fear
68%
ah
65%
alive
65%
feel
65%
Wanna
65%
better
61%
for
61%
Looking
61%
(looking
61%
in
60%
outside
60%
time
58%
fight
56%
Something's
56%
Walking
56%
yeah
56%
Yeah
56%
head
53%
Always
51%
know
51%
space
47%
Woah
40%
woah
40%
No matching quizzes found
Score Distribution
Percent of People with Each Score
Percentile by Number Answered
Your Score History
You have not taken this quiz since the last reset